[Event "45th Capablanca Mem Open"]
[Site "Havana CUB"]
[Date "2010.06.14"]
[Round "5"]
[White "Gonzalez Vidal,Y"]
[Black "Alonso Moyano,J"]
[Result "1/2-1/2"]
[WhiteElo "2543"]
[BlackElo "2399"]
[EventDate "2010.06.10"]

1. e4 c5 2. Nf3 d6 3. d4 cxd4 4. Nxd4 Nf6 5. Nc3 a6 6. Be2 e6 7. Be3 Nbd7
8. g4 Nc5 9. Bf3 Qa5 10. Nb3 Qc7 11. Qe2 Rb8 12. Bd4 Nfd7 13. Bg2 b5 14.
O-O b4 15. Nd5 Qd8 16. f4 a5 17. Rfe1 a4 18. Bxc5 Nxc5 19. Nd4 Ba6 20. Qd2
exd5 21. exd5+ Kd7 22. Nc6 Qb6 23. Nxb8+ Qxb8 24. Qd4 Rg8 25. g5 f5 26.
gxf6 gxf6 27. Qxf6 Rg7 28. Re3 Qd8 29. Qd4 Qb6 30. a3 bxa3 31. b4 axb3 32.
Rxb3 Qc7 33. Rbxa3 Bb7 34. Re1 Qd8 35. Rg3 Rf7 36. Qb4 Kc8 37. Rge3 Re7 38.
Rxe7 Bxe7 39. Qb5 Qf8 40. Qe2 Bf6 41. Kh1 Qg7 42. Qb5 Bd8 43. Qe8 Qc3 44.
Qe2 h5 45. Rd1 h4 46. Bf3 Kc7 47. Bg4 Ba6 48. Qe8 Bb7 49. Qf7+ 1/2-1/2

[Event "45th Capablanca Mem Open"]
[Site "Havana CUB"]
[Date "2010.06.14"]
[Round "5"]
[White "Alvarez Pedraza,A"]
[Black "Gomez Fontal,F"]
[Result "1-0"]
[WhiteElo "2500"]
[BlackElo "2376"]
[EventDate "2010.06.10"]

1. e4 e5 2. Nf3 Nc6 3. Nc3 Nf6 4. Bb5 Bc5 5. Nxe5 Nd4 6. Nd3 Bb6 7. e5 O-O
8. O-O Ne8 9. a4 c6 10. Bc4 d5 11. exd6 Nxd6 12. Ba2 Qg5 13. Kh1 Bc7 14. f3
Bf5 15. Ne1 Rae8 16. d3 Qh4 17. g3 Qd8 18. Ng2 Bh3 19. Ne4 h6 20. c3 N4f5
21. Re1 1-0

[Event "45th Capablanca Mem Open"]
[Site "Havana CUB"]
[Date "2010.06.14"]
[Round "5"]
[White "Gomez Garrido,C"]
[Black "Arias,Le"]
[Result "1-0"]
[WhiteElo "2498"]
[BlackElo "2355"]
[EventDate "2010.06.10"]

1. e4 c5 2. Nf3 e6 3. d4 cxd4 4. Nxd4 a6 5. Nc3 b5 6. Bd3 d6 7. O-O Nf6 8.
Qe2 Be7 9. Bd2 O-O 10. a4 b4 11. Na2 e5 12. Nf3 a5 13. c3 bxc3 14. Nxc3 Na6
15. Bg5 Nb4 16. Rfd1 Ne8 17. Be3 Nxd3 18. Qxd3 Bg4 19. Qe2 Rb8 20. Rd2 Kh8
21. h3 Bd7 22. Rad1 f6 23. Bc5 Qc8 24. Ba3 Qb7 25. Qc4 Rc8 26. Qd5 Qb6 27.
Qd3 Qb7 28. Qe3 Bc6 29. Nh4 Bd7 30. Nf5 Bxf5 31. exf5 Rf7 32. Nb5 Bf8 33.
Bxd6 Nxd6 34. Nxd6 Bxd6 35. Rxd6 Qxb2 36. Qc5 Rcf8 37. Qxa5 g6 38. fxg6
hxg6 39. Qc5 Kg7 40. a5 Qb8 41. Rd7 Rxd7 42. Rxd7+ Kh6 43. Qe3+ g5 44. Qe4
1-0

[Event "45th Capablanca Mem Open"]
[Site "Havana CUB"]
[Date "2010.06.14"]
[Round "5"]
[White "Fuentes Dominguez,F"]
[Black "De la Paz Perdomo,F"]
[Result "0-1"]
[WhiteElo "2253"]
[BlackElo "2477"]
[EventDate "2010.06.10"]

1. d4 Nf6 2. c4 g6 3. Nc3 Bg7 4. e4 d6 5. Nf3 O-O 6. Be2 c6 7. O-O Na6 8.
Re1 e5 9. Bf1 Bg4 10. dxe5 Bxf3 11. Qxf3 dxe5 12. Bg5 Nc5 13. Rad1 Qe7 14.
Qg3 h6 15. Bc1 Rad8 16. f3 Ne6 17. Be3 b6 18. Qf2 Nh5 19. a3 Nd4 20. Rd3
Nf4 21. Rd2 Nfe6 22. b4 Kh7 23. Kh1 Bf6 24. Rb2 Bg5 25. Nd1 Rd7 26. Bxg5
hxg5 27. Ne3 Kg7 28. Ng4 Nf4 29. Qe3 f6 30. Qc3 Rfd8 31. Nf2 Nde6 32. g3
Nh5 33. Bh3 Rd4 34. Rc2 c5 35. Rb1 Nc7 36. Kg1 Kh7 37. Bf1 Ng7 38. Ng4 Nge6
39. Ne3 R4d7 40. Nd5 Nxd5 41. cxd5 Nd4 42. Rf2 Rc7 43. b5 f5 44. exf5 Rxd5
45. fxg6+ Kxg6 46. Bd3+ Kg7 47. Bc4 Rd6 48. Re1 Qf6 49. Qe3 Re7 50. Qe4 Qf5
51. Qa8 Rf6 52. Kg2 Rf8 53. Qd5 g4 54. f4 Nf3 55. Re3 Rd7 56. Qc6 Rd1 57.
Rf1 Rxf1 58. Qc7+ Rf7 59. Bxf7 Rg1+ 60. Kf2 Qc2+ 0-1

[Event "45th Capablanca Mem Open"]
[Site "Havana CUB"]
[Date "2010.06.14"]
[Round "5"]
[White "Delgado Ramos,H"]
[Black "Linares Napoles,O"]
[Result "1-0"]
[WhiteElo "2414"]
[BlackElo "2322"]
[EventDate "2010.06.10"]

1. e4 d6 2. d4 Nf6 3. Nc3 g6 4. Be3 c6 5. Qd2 b5 6. Bd3 Nbd7 7. Nf3 e5 8.
dxe5 dxe5 9. h3 Bb7 10. O-O Bg7 11. a4 a6 12. Ne2 Qe7 13. Ng3 Rc8 14. Rfc1
Nc5 15. axb5 cxb5 16. b4 Ncxe4 17. Nxe4 Nxe4 18. Bxe4 Bxe4 19. Bc5 Rxc5 20.
bxc5 Bxf3 21. gxf3 O-O 22. Rd1 Qxc5 23. Ra2 Qc4 24. Qd5 Qh4 25. Qd7 Qc4 26.
Qd5 Qh4 27. Qe4 Qxh3 28. Qg4 Qh6 29. Rxa6 f5 30. Qg3 e4 31. f4 Qh5 32. Rd7
Kh8 33. Raa7 Bf6 34. Qb3 Rc8 35. c4 Qg4+ 36. Kf1 bxc4 37. Rxh7+ Kg8 38.
Rhc7 1-0

[Event "45th Capablanca Mem Open"]
[Site "Havana CUB"]
[Date "2010.06.14"]
[Round "5"]
[White "Janssen,Ru"]
[Black "Campos Vila,M"]
[Result "1-0"]
[WhiteElo "2524"]
[BlackElo "2178"]
[EventDate "2010.06.10"]

1. d4 Nf6 2. c4 g6 3. Nc3 Bg7 4. e4 d6 5. h3 O-O 6. Bg5 Na6 7. Bd3 e5 8. d5
Qe8 9. Nge2 Nd7 10. a3 f5 11. f3 Nac5 12. Bc2 fxe4 13. fxe4 Qf7 14. Be3 Nb6
15. b3 a5 16. a4 Nbd7 17. Qd2 b6 18. O-O-O Ba6 19. g4 Nf6 20. Ng3 Qd7 21.
g5 Nh5 22. Nxh5 gxh5 23. Qe2 Qf7 24. Rdf1 Qg6 25. Rf5 Bc8 26. Rhf1 Bd7 27.
h4 Rae8 28. Qf2 Bxf5 29. exf5 e4 30. Nd1 Qf7 31. f6 Nd3+ 32. Bxd3 exd3 33.
Kd2 Bh8 34. Nc3 Re5 35. Bd4 Ree8 36. Qf5 Qg6 37. Qxg6+ hxg6 38. Kxd3 Kf7
39. Nb5 Rc8 40. Bxb6 cxb6 41. Nxd6+ Kg8 42. Nxc8 Rxc8 43. Re1 Bxf6 44. gxf6
Kf7 45. Re6 Rg8 46. Ke4 g5 47. Kf5 gxh4 48. Re7+ Kf8 49. d6 1-0

[Event "45th Capablanca Mem Open"]
[Site "Havana CUB"]
[Date "2010.06.14"]
[Round "5"]
[White "Martinez Duany,L"]
[Black "Macias Murillo,B"]
[Result "1-0"]
[WhiteElo "2515"]
[BlackElo "2347"]
[EventDate "2010.06.10"]

1. e4 c5 2. Nf3 e6 3. Nc3 a6 4. g3 b5 5. Bg2 Bb7 6. d3 d6 7. O-O Nf6 8. Nh4
Nc6 9. f4 Qc7 10. Kh1 Be7 11. Ne2 Rd8 12. f5 e5 13. Nc3 Nd4 14. Nd5 Bxd5
15. exd5 b4 16. c3 bxc3 17. bxc3 Nb5 18. Qb3 O-O 19. a4 Na7 20. Qc4 Qa5 21.
Bd2 Rb8 22. Rab1 Rfc8 23. g4 Nd7 24. g5 f6 25. gxf6 Bxf6 26. Nf3 Rxb1 27.
Rxb1 Rb8 28. Rxb8+ Nxb8 29. Qb3 Qc7 30. Be3 Nd7 31. Nd2 Nc8 32. Ne4 Qb6 33.
Qa2 Qa5 34. Bf3 Be7 35. Bd2 Qb6 36. a5 Qb7 37. c4 Nf6 38. Ng5 Bf8 39. Ne6
Ne7 40. Be4 g6 41. fxg6 Nxg6 42. Bg2 Ng4 43. Be1 Bh6 44. h3 Ne3 45. Be4 Qf7
46. Qf2 Bf4 47. Qg1 Nf5 48. Nxf4 exf4 49. Qg5 Ng7 50. Bc3 f3 51. Kg1 Nf4
52. Kf1 Nxh3 53. Qh4 Qh5 54. Qxh5 Nxh5 55. Bxf3 Ng7 56. Bd2 h6 57. Bxh6 Kh7
58. Bd2 Kg6 59. Bg4 Ng5 60. Bc8 Nf3 61. Bf4 Nd4 62. Bxd6 Nb3 63. Bc7 1-0

[Event "45th Capablanca Mem Open"]
[Site "Havana CUB"]
[Date "2010.06.14"]
[Round "5"]
[White "Fernando,D"]
[Black "Llorente Pupo, Ramon"]
[Result "1/2-1/2"]
[WhiteElo "2494"]
[BlackElo "2338"]
[EventDate "2010.06.10"]

1. c4 e6 2. Nc3 d5 3. d4 Be7 4. Nf3 Nf6 5. Bg5 O-O 6. e3 h6 7. Bh4 Ne4 8.
Bg3 Nxg3 9. hxg3 c6 10. Qc2 Nd7 11. cxd5 cxd5 12. g4 a6 13. Bd3 b5 14. Qe2
Bb7 15. Bc2 b4 16. Qd3 Nf6 17. Ne2 Ne4 18. g5 Bxg5 19. Nxg5 Qxg5 20. f3 Nf6
21. O-O-O e5 22. dxe5 Qxe5 23. Nd4 a5 24. g4 a4 25. g5 hxg5 26. f4 Qe4 27.
Qd2 Rfc8 28. Qh2 Qh7 29. Qd2 Qe4 30. Qh2 Qh7 31. Qd2 Qe4 32. Qh2 Qh7
1/2-1/2

[Event "45th Capablanca Mem Open"]
[Site "Havana CUB"]
[Date "2010.06.14"]
[Round "5"]
[White "Abreu Delgado,A"]
[Black "Mena Crespo,C"]
[Result "1/2-1/2"]
[WhiteElo "2482"]
[BlackElo "2337"]
[EventDate "2010.06.10"]

1. d4 Nf6 2. c4 g6 3. g3 Bg7 4. Bg2 O-O 5. Nf3 d6 6. O-O Nc6 7. Nc3 e5 8.
dxe5 dxe5 9. Qxd8 Rxd8 10. Bg5 Be6 11. Nd2 h6 12. Bxf6 Rxd2 13. Bxg7 Kxg7
14. Bxc6 bxc6 15. b3 Rad8 16. Rfd1 Bh3 17. f3 R8d4 18. Kf2 Bf5 19. g4 Bc8
20. Ke3 Rxd1 21. Rxd1 Rd6 22. c5 Rxd1 23. Nxd1 f5 24. gxf5 Bxf5 25. Kf2 Kf6
26. e4 Bc8 27. Ne3 Be6 28. Nc2 a5 29. Ne3 h5 30. Kg3 Bf7 31. h4 g5 32. Nd1
Be6 33. Nf2 Bc8 34. Nd1 Ba6 35. Ne3 Bd3 36. a3 Be2 37. hxg5+ Kxg5 38. Nf5
Bd1 39. b4 axb4 40. axb4 Be2 41. Kf2 Bd1 42. Ng7 Bb3 43. Ne8 Be6 44. Nxc7
Bd7 45. Na8 h4 46. Nb6 Be6 47. Na4 Bb3 48. Nb2 Kf6 49. Kg2 Be6 50. Nd3 Bc4
51. Nf2 Kg5 52. Nh3+ Kf6 53. f4 exf4 54. Kf3 Kg6 55. Kxf4 Be6 56. Ng1 Kf6
57. Nf3 h3 58. Kg3 Bd7 59. Kh2 Bg4 60. Ng1 Ke5 61. Nxh3 Bd7 62. Nf2 Kd4 63.
Kg3 Kc4 64. Kf4 Kxb4 65. Nd3+ Kc3 66. Ne5 Be8 67. Ke3 Bh5 68. Nd7 Kc4 69.
e5 Bg4 70. Nf6 Be6 71. Ne4 Bd5 72. Kf4 Kd4 73. Nf6 Be6 74. Ne4 Bd5 75. Nf6
Be6 76. Ne4 1/2-1/2

[Event "45th Capablanca Mem Open"]
[Site "Havana CUB"]
[Date "2010.06.14"]
[Round "5"]
[White "Escobar Forero,A"]
[Black "Hernandez Fernandez,Ra"]
[Result "1-0"]
[WhiteElo "2474"]
[BlackElo "2301"]
[EventDate "2010.06.10"]

1. d4 Nf6 2. Nf3 g6 3. Nc3 d5 4. Bg5 Bg7 5. e3 O-O 6. Be2 Nbd7 7. Ne5 Ne4
8. Nxe4 dxe4 9. Nc4 Nf6 10. h4 h6 11. Bf4 c5 12. Be5 b5 13. Nd2 cxd4 14.
exd4 Bb7 15. Bxb5 Nd5 16. Bxg7 Kxg7 17. Nb3 e3 18. c4 Qb6 19. O-O Nf4 20.
fxe3 Nxg2 21. Qe2 a6 22. Bd7 Qc7 23. Nc5 Nxh4 24. Nxb7 Qxd7 25. Nc5 Qh3 26.
Rf2 g5 27. Nd3 g4 28. Nf4 Nf3+ 29. Rxf3 Qxf3 30. Qxf3 gxf3 31. b4 e5 32.
dxe5 Rae8 33. Kf2 Rxe5 34. Kxf3 Rfe8 35. Rg1+ Rg5 36. Rd1 Rge5 37. Rg1+ Kf8
38. Nd5 Rf5+ 39. Nf4 Rfe5 40. Nd5 Rf5+ 41. Nf4 Rb8 42. a3 a5 43. Ke4 Rg5
44. Rxg5 hxg5 45. Nd5 axb4 46. axb4 Kg7 47. c5 Re8+ 48. Kf5 Kh6 49. c6 Rc8
50. b5 Kh5 51. c7 g4 52. b6 1-0

[Event "45th Capablanca Mem Open"]
[Site "Havana CUB"]
[Date "2010.06.14"]
[Round "5"]
[White "Fernandez Garcia,JoseL1"]
[Black "Alonso Bouza,Julio"]
[Result "1-0"]
[WhiteElo "2430"]
[BlackElo "2268"]
[EventDate "2010.06.10"]

1. e4 e5 2. Nf3 Nc6 3. Nc3 Nf6 4. Bb5 Bb4 5. O-O O-O 6. d3 d6 7. Bg5 Bxc3
8. bxc3 Ne7 9. Nh4 c6 10. Bc4 d5 11. Bb3 Ne8 12. exd5 cxd5 13. Bxd5 h6 14.
Bxe7 Qxe7 15. Nf3 Nc7 16. Bb3 a5 17. a4 Bg4 18. h3 Bh5 19. Re1 Ra6 20. g4
Bg6 21. Nxe5 Qg5 22. Qc1 Qh4 23. Qf4 Qd8 24. Qg3 Kh7 25. f4 f5 26. Bc4 Rb6
27. Rab1 Nd5 28. Bxd5 Rxb1 29. Rxb1 Qxd5 30. Nxg6 Kxg6 31. Rb5 Qa2 32.
gxf5+ Kh7 33. Rxb7 Qa1+ 34. Kh2 Qxc3 35. Qg6+ Kh8 36. f6 Qd2+ 37. Kh1 Qd1+
38. Qg1 Qf3+ 39. Qg2 Qd1+ 40. Qg1 Qf3+ 41. Qg2 Qd1+ 42. Kh2 g5 43. Qe4 Qd2+
44. Kg3 gxf4+ 45. Qxf4 Qe1+ 46. Kg4 Rg8+ 47. Rg7 Qg1+ 48. Kf5 Qc5+ 49. Kg6
Qg1+ 50. Qg4 1-0

[Event "45th Capablanca Mem Open"]
[Site "Havana CUB"]
[Date "2010.06.14"]
[Round "5"]
[White "Ordaz Valdes,L"]
[Black "Borges Feria,Y"]
[Result "1-0"]
[WhiteElo "2307"]
[BlackElo "2426"]
[EventDate "2010.06.10"]

1. d4 Nf6 2. c4 e6 3. Nc3 Bb4 4. Qc2 Nc6 5. Nf3 d6 6. Bd2 O-O 7. a3 Bxc3 8.
Bxc3 Qe7 9. b4 e5 10. dxe5 Nxe5 11. Nxe5 dxe5 12. e3 b6 13. Be2 Bb7 14. O-O
Rad8 15. Rfd1 Qe6 16. a4 Rxd1+ 17. Qxd1 Ne4 18. Be1 Qc8 19. f3 Nf6 20. Bc3
Rd8 21. Qc2 Qe6 22. a5 a6 23. b5 bxa5 24. Bxa5 Rd7 25. Bb4 h6 26. c5 axb5
27. Bxb5 Bc6 28. Ra6 Bxb5 29. Rxe6 fxe6 30. c6 Rd3 31. Qc5 Rd5 32. Qe7 Kh7
33. Qxe6 Rd1+ 34. Kf2 Rc1 35. Qxe5 Bxc6 36. Bc3 Ne8 37. Qf5+ Kh8 38. Qc5
Bd7 39. Bxg7+ 1-0

[Event "45th Capablanca Mem Open"]
[Site "Havana CUB"]
[Date "2010.06.14"]
[Round "5"]
[White "Figueredo Losada,L"]
[Black "Quesada Perez,Y"]
[Result "1/2-1/2"]
[WhiteElo "2335"]
[BlackElo "2582"]
[EventDate "2010.06.10"]

1. e4 c5 2. Nf3 d6 3. d4 cxd4 4. Nxd4 Nf6 5. Nc3 a6 6. Bg5 e6 7. f4 Qc7 8.
Qd3 Nbd7 9. Be2 b5 10. Bf3 Bb7 11. Bxf6 gxf6 12. O-O h5 13. Kh1 h4 14. h3
Nc5 15. Qe3 Bh6 16. Rad1 b4 17. Nce2 Rd8 18. c3 bxc3 19. Nxc3 e5 20. Nde2
Ne6 21. Nd5 Bxd5 22. exd5 Nxf4 23. Nxf4 Bxf4 24. Qe2 Qb6 25. Rd3 Ra8 26.
Bg4 Bg5 27. Rb3 Qc5 28. Rb7 Qxd5 29. Bf3 Qc5 30. b4 Qe3 31. Bc6+ Kf8 32.
Qc4 Rh7 33. Rd7 Ra7 34. Rxd6 Kg7 35. Qg4 Qg3 36. Qf5 1/2-1/2

[Event "45th Capablanca Mem Open"]
[Site "Havana CUB"]
[Date "2010.06.14"]
[Round "5"]
[White "Guerrero,An"]
[Black "Obregon Rivero,J"]
[Result "0-1"]
[WhiteElo "2164"]
[BlackElo "2410"]
[EventDate "2010.06.10"]

1. e4 c5 2. Nf3 d6 3. d4 cxd4 4. Nxd4 Nf6 5. Nc3 Nc6 6. Be2 e5 7. Nb3 Be6
8. O-O Be7 9. Kh1 a5 10. a4 O-O 11. f4 exf4 12. Bxf4 Rc8 13. Bf3 Ne5 14.
Nd4 Nxf3 15. Qxf3 Qb6 16. Ndb5 Qc5 17. Be3 Qb4 18. Bd4 Rc4 19. Qd3 Rfc8 20.
Rf3 Ng4 21. Nd5 Bxd5 22. exd5 Bf6 23. Bxf6 Nxf6 24. Qf5 Re8 25. Raf1 h5 26.
Rg3 Rf4 27. Rxg7+ Kxg7 28. Qg5+ Kh7 0-1

[Event "45th Capablanca Mem Open"]
[Site "Havana CUB"]
[Date "2010.06.14"]
[Round "5"]
[White "Lemes Rosales,Lazaro"]
[Black "Ruiz Sanchez,O"]
[Result "0-1"]
[WhiteElo "2214"]
[BlackElo "2381"]
[EventDate "2010.06.10"]

1. e4 c5 2. Nf3 d6 3. d4 cxd4 4. Qxd4 Nf6 5. Nc3 a6 6. Bg5 Nc6 7. Qd2 h6 8.
Bxf6 gxf6 9. O-O-O e6 10. Kb1 Bd7 11. Bd3 b5 12. Qe3 h5 13. Nd4 Qb6 14.
Nce2 Rb8 15. c3 b4 16. Nxc6 Qxe3 17. fxe3 Bxc6 18. cxb4 Rxb4 19. Nd4 Bb7
20. Rc1 Kd7 21. Rhf1 Be7 22. a3 Rb6 23. Bc2 Rg8 24. Rf2 Kd8 25. Bd3 Rg5 26.
Rfc2 Rc5 27. Rd1 Ra5 28. Kc1 Bf8 29. Rf1 Bh6 30. Kd2 f5 31. exf5 e5 32. Ne2
d5 33. Ng3 h4 34. Nh5 d4 35. Ke2 e4 36. exd4 exd3+ 37. Kxd3 Rb3+ 0-1

[Event "45th Capablanca Mem Open"]
[Site "Havana CUB"]
[Date "2010.06.14"]
[Round "5"]
[White "Leyva Rivera,Y"]
[Black "Guerra Mojena,L"]
[Result "0-1"]
[WhiteElo "2384"]
[BlackElo "2254"]
[EventDate "2010.06.10"]

1. d4 Nf6 2. c4 g6 3. Nc3 d5 4. Bg5 Ne4 5. Bh4 Nxc3 6. bxc3 dxc4 7. e3 Be6
8. Nf3 c6 9. Be2 Nd7 10. O-O f6 11. e4 Qa5 12. Rb1 Nb6 13. d5 cxd5 14. Nd4
Bd7 15. exd5 Qxd5 16. Bf3 Qc5 17. Bxb7 Rb8 18. Qf3 Bg7 19. Bc6 Bxc6 20.
Nxc6 Rb7 21. Rfe1 O-O 22. Nd4 Rd7 23. Ne6 Qd5 24. Qxd5 Rxd5 25. Nxf8 Kxf8
26. g4 g5 27. Bg3 f5 28. gxf5 Bxc3 29. Re6 Rxf5 30. Kg2 Bd2 31. Rc6 c3 32.
Rb3 Ra5 33. a3 Nd7 34. Bc7 Rf5 35. Kf1 Nc5 36. Rb8+ Kf7 37. Rb5 Be3 38.
Rbxc5 Bxc5 39. Ba5 c2 40. Bd2 Rxf2+ 41. Ke1 Rf5 42. a4 Bd6 43. Rxc2 Bxh2
44. Be3 Bg3+ 45. Ke2 a5 46. Rc8 Bd6 47. Rh8 Kg7 48. Ra8 h5 49. Bd4+ Kf7 50.
Bc3 Bb4 51. Bd4 g4 52. Rh8 Bd6 53. Rh7+ Ke6 54. Bc3 Bb4 55. Bd4 Kd5 56. Be3
Ke4 57. Rh6 e5 58. Bf2 Kf4 59. Rg6 e4 60. Rg8 Rd5 61. Be3+ Kg3 62. Re8 Rf5
63. Bb6 Bd6 64. Rd8 Bf4 65. Rd1 e3 66. Bd8 Kg2 67. Rf1 Rd5 68. Bxa5 Rxa5
69. Rxf4 Kh3 0-1

[Event "45th Capablanca Mem Open"]
[Site "Havana CUB"]
[Date "2010.06.14"]
[Round "5"]
[White "Pina Vega,S"]
[Black "Hevia Alejano,C"]
[Result "1/2-1/2"]
[WhiteElo "2336"]
[BlackElo "2507"]
[EventDate "2010.06.10"]

1. e4 c5 2. Nf3 d6 3. Bb5+ Nd7 4. d4 cxd4 5. Qxd4 e5 6. Qd3 Be7 7. O-O Ngf6
8. Bg5 O-O 9. Bxd7 Nxd7 10. Bxe7 Qxe7 11. Rd1 Nf6 12. Qxd6 Qxd6 13. Rxd6
Nxe4 14. Rd3 f6 15. Nc3 Nxc3 16. Rxc3 Be6 17. Kf1 Rac8 18. Rxc8 Rxc8 19. c3
Kf7 20. Nd2 g5 21. Ne4 Ke7 22. f3 h6 23. g4 Rd8 24. Kf2 b6 25. b3 f5 26.
gxf5 Bxf5 27. Ke3 Bg6 28. Rh1 Bf7 29. Rc1 Bh5 30. Ng3 Bg6 31. Ne4 Rf8 32.
c4 Bh5 33. Rf1 Rf4 34. Rf2 Bg6 35. Nc3 Rd4 36. Rd2 Rxd2 37. Kxd2 Be8 38.
Ke3 Bc6 39. b4 Ke6 40. a3 Kf5 41. h3 Bd7 42. Ne4 Kg6 43. Nf2 h5 44. c5 bxc5
45. bxc5 Bc6 46. Ne4 Bd7 47. Nf2 Kf5 48. Ne4 a6 49. Nf2 Bc6 50. Nh1 a5 51.
Ng3+ Kg6 52. Ne4 Bd7 53. Nf2 Kf5 54. Ne4 h4 55. Nf2 Ke6 56. Ne4 Kf5 57. Nf2
Bb5 58. Ne4 Bc6 59. Nf2 a4 60. Ne4 Bd7 61. Nf2 Bb5 62. Ne4 Bc6 63. Nf2 Ke6
64. Ne4 Kd5 65. Kd3 Bb5+ 66. Kc3 Bf1 67. Nxg5 Kxc5 68. f4 Kd6 69. fxe5+
Kxe5 70. Nf3+ 1/2-1/2

[Event "45th Capablanca Mem Open"]
[Site "Havana CUB"]
[Date "2010.06.14"]
[Round "5"]
[White "Ordunez Echarte,D"]
[Black "Bacallao Alonso,Y"]
[Result "0-1"]
[WhiteElo "2322"]
[BlackElo "2500"]
[EventDate "2010.06.10"]

1. e4 c5 2. Nf3 d6 3. Bb5+ Nd7 4. O-O Ngf6 5. Re1 a6 6. Bxd7+ Nxd7 7. b3 e5
8. c3 Be7 9. d4 b5 10. Bb2 O-O 11. Nbd2 Bb7 12. dxe5 Nxe5 13. Nxe5 dxe5 14.
c4 f6 15. Qe2 Qa5 16. Nb1 bxc4 17. Qxc4+ Rf7 18. Nc3 Rd8 19. Rad1 Rd4 20.
Qe6 Bf8 21. f3 c4 22. Na4 Rxd1 23. Rxd1 cxb3 24. axb3 Qc7 25. h3 Qc6 26.
Qxc6 Bxc6 27. Rd8 Rd7 28. Rxd7 Bxd7 29. Kf2 Be6 30. Bc3 Bxb3 31. Nb2 Kf7
32. g3 Ke6 33. Nd3 Bc4 34. Ke3 Bd6 35. h4 Kd7 36. g4 Kc6 37. g5 Kb5 38.
gxf6 gxf6 39. f4 Bxd3 40. Kxd3 h5 41. fxe5 Bxe5 42. Be1 a5 43. Bxa5 Kxa5
44. Kc4 Kb6 45. Kd5 Kb5 46. Ke6 Kc4 47. Kf5 Kd4 0-1

[Event "45th Capablanca Mem Open"]
[Site "Havana CUB"]
[Date "2010.06.14"]
[Round "5"]
[White "Galego,L"]
[Black "Arribas Robaina,M"]
[Result "1-0"]
[WhiteElo "2488"]
[BlackElo "2326"]
[EventDate "2010.06.10"]

1. c4 c5 2. Nc3 Nc6 3. g3 g6 4. Bg2 Bg7 5. e3 e5 6. Nge2 Nge7 7. a3 O-O 8.
O-O d6 9. d3 Be6 10. Nd5 Rb8 11. Nec3 a6 12. Rb1 b5 13. Bd2 Qd7 14. cxb5
axb5 15. b4 Nxd5 16. Nxd5 Ne7 17. Nxe7+ Qxe7 18. Bc3 Rfc8 19. Qd2 d5 20.
bxc5 Qxc5 21. Bb4 Qb6 22. Rfc1 d4 23. e4 Rxc1+ 24. Rxc1 Rc8 25. Rxc8+ Bxc8
26. f4 f6 27. Bf3 Be6 28. fxe5 fxe5 29. Qc1 Bf6 30. h4 Kg7 31. Kh2 Bd7 32.
Bg2 Bd8 33. Bf3 Qc7 34. Qh6+ 1-0

[Event "45th Capablanca Mem Open"]
[Site "Havana CUB"]
[Date "2010.06.14"]
[Round "5"]
[White "Gil Suarez,J"]
[Black "Gongora Reyes,M"]
[Result "1/2-1/2"]
[WhiteElo "1752"]
[BlackElo "2471"]
[EventDate "2010.06.10"]

1. d4 d5 2. Nf3 Nf6 3. c3 Bf5 4. Bf4 e6 5. e3 Be7 6. Nbd2 O-O 7. Ne5 Ne4 8.
Nxe4 Bxe4 9. f3 Bg6 10. Bg3 Nd7 11. Nxg6 hxg6 12. Bd3 c5 13. O-O Qb6 14.
Qe2 Bd6 15. Bxd6 Qxd6 16. f4 c4 17. Bc2 f5 18. g4 Kf7 19. h4 Nf6 20. g5 Nd7
21. h5 Rh8 22. hxg6+ Kxg6 23. Kg2 Rh4 24. Rh1 Rah8 25. Rxh4 Rxh4 26. Rh1
Rxh1 27. Kxh1 Qf8 28. Bd1 Qh8+ 29. Qh2 Qxh2+ 30. Kxh2 b5 31. a4 a6 32. axb5
axb5 33. Kg3 Kf7 34. Kf2 g6 35. Ke1 Ke7 36. Kd2 Kd6 37. Kc2 Nb8 38. b4 Nc6
1/2-1/2

[Event "45th Capablanca Mem Open"]
[Site "Havana CUB"]
[Date "2010.06.14"]
[Round "5"]
[White "Quesada Vera,L"]
[Black "Borges Mateos,J"]
[Result "0-1"]
[WhiteElo "2308"]
[BlackElo "2468"]
[EventDate "2010.06.10"]

1. c4 c5 2. g3 g6 3. Bg2 Bg7 4. Nf3 Nc6 5. O-O e6 6. Nc3 Nge7 7. e4 O-O 8.
Re1 d6 9. d3 b6 10. Be3 Nd4 11. e5 Ndf5 12. Bf4 Bb7 13. Ne4 dxe5 14. Nxe5
Bxe4 15. dxe4 Nd4 16. Nd3 Rc8 17. e5 Rc7 18. Qd2 Rd7 19. Rad1 Qc8 20. Bh6
Bxh6 21. Qxh6 Nef5 22. Qg5 h6 23. Qc1 Rfd8 24. Be4 Qa6 25. Kh1 Qxa2 26. g4
Nh4 27. Qxh6 Ndf3 28. Bxf3 Nxf3 29. Re3 Qxc4 30. Rxf3 Rxd3 31. Rdxd3 Rxd3
32. Rxd3 Qxd3 33. Qg5 Qf1+ 0-1

[Event "45th Capablanca Mem Open"]
[Site "Havana CUB"]
[Date "2010.06.14"]
[Round "5"]
[White "Morales Romero,R"]
[Black "Ris,R"]
[Result "1/2-1/2"]
[WhiteElo "2277"]
[BlackElo "2426"]
[EventDate "2010.06.10"]

1. d4 d5 2. Nf3 Nf6 3. c4 dxc4 4. e3 e6 5. Bxc4 a6 6. O-O Nbd7 7. a4 b6 8.
Nc3 Bb7 9. Qe2 Bb4 10. Rd1 O-O 11. Bd2 Qb8 12. Be1 c5 13. Na2 Bxe1 14. Rxe1
Rc8 15. Rac1 b5 16. Bb3 Bxf3 17. Qxf3 bxa4 18. Bxa4 Qxb2 19. Rc2 Qb6 20.
Rec1 Ra7 21. e4 e5 22. d5 Rac7 23. Qe2 g6 24. g3 Ne8 25. Nc3 Nd6 26. Rb2
Qa7 27. Ra1 c4 28. Bxd7 Rxd7 29. Qe3 Qxe3 30. fxe3 Nb5 31. Nxb5 axb5 32.
Rxb5 c3 33. Rc1 Ra7 34. Rb3 c2 35. Rb2 Rac7 36. Kf2 f5 37. exf5 gxf5 38. d6
Rc6 39. d7 Rd8 40. Rbxc2 Rxc2+ 41. Rxc2 Rxd7 1/2-1/2

[Event "45th Capablanca Mem Open"]
[Site "Havana CUB"]
[Date "2010.06.14"]
[Round "5"]
[White "Morales Romero,P"]
[Black "Castellanos Sanchez,C"]
[Result "1/2-1/2"]
[WhiteElo "2420"]
[BlackElo "2299"]
[EventDate "2010.06.10"]

1. e4 c5 2. Nf3 d6 3. d4 cxd4 4. Nxd4 Nf6 5. Nc3 g6 6. Bc4 Bg7 7. h3 O-O 8.
Bb3 Na6 9. O-O Nc5 10. Re1 a6 11. Bg5 h6 12. Bh4 e5 13. Bxf6 Bxf6 14. Nf3
Nxb3 15. axb3 Be6 16. Qd3 Rc8 17. Red1 Rc6 18. Nd5 Bg7 19. Nd2 Bxd5 20.
Qxd5 Qc7 21. c3 Kh7 22. h4 Qe7 23. h5 Qh4 24. hxg6+ fxg6 25. Nf3 Qf6 26.
Rd3 h5 27. b4 g5 28. Qe6 g4 29. Qxf6 Bxf6 30. Ne1 Bd8 31. f3 g3 32. Rad1
Rf6 33. Kf1 Bb6 34. Nc2 Bf2 35. b5 Rb6 36. Nb4 Rh6 37. bxa6 bxa6 38. Rd5 h4
39. Nd3 Be3 40. Ke2 Bg5 41. Kf1 Bf4 42. Nxf4 exf4 43. R1d2 h3 44. gxh3 Rxh3
45. Kg1 Kg7 46. Rg5+ Kf6 47. Rf5+ Ke6 48. Rxf4 Rb5 49. Rg4 Rbh5 50. Rg6+
Kf7 51. Rgxd6 Rh1+ 52. Kg2 R5h3 53. Rd7+ Ke8 54. f4 R1h2+ 55. Kg1 Rh1+ 56.
Kg2 R1h2+ 57. Kf3 g2+ 58. Kf2 Rg3 59. Rd8+ Ke7 60. R2d7+ Ke6 61. Rd6+ Ke7
62. R6d7+ 1/2-1/2

[Event "45th Capablanca Mem Open"]
[Site "Havana CUB"]
[Date "2010.06.14"]
[Round "5"]
[White "Fleites Marti,Y"]
[Black "Fernandez Cardoso,A"]
[Result "0-1"]
[WhiteElo "2168"]
[BlackElo "2416"]
[EventDate "2010.06.10"]

1. e4 c5 2. Nf3 e6 3. d4 cxd4 4. Nxd4 a6 5. c4 Nf6 6. Nc3 Qc7 7. Be3 d6 8.
Be2 Be7 9. O-O O-O 10. Rc1 b6 11. b4 Bb7 12. f3 Nbd7 13. Nb3 Rfe8 14. Qd2
Rac8 15. Na4 Qb8 16. Rfd1 d5 17. exd5 Bd6 18. Kh1 exd5 19. c5 Bxh2 20. Nxb6
Nxb6 21. cxb6 Rxc1 22. Qxc1 Qe5 23. f4 Qxe3 24. Qxe3 Rxe3 25. Nc5 Bxf4 26.
Bxa6 Bxa6 27. Nxa6 Re6 28. Nc7 Rxb6 29. Nxd5 Nxd5 30. Rxd5 Rd6 0-1

[Event "45th Capablanca Mem Open"]
[Site "Havana CUB"]
[Date "2010.06.14"]
[Round "5"]
[White "Cueto Rodriguez,Y"]
[Black "Alarcon Casellas,Rol"]
[Result "1-0"]
[WhiteElo "2134"]
[BlackElo "2410"]
[EventDate "2010.06.10"]

1. e4 c5 2. Ne2 e6 3. g3 Nc6 4. Bg2 Nf6 5. c3 d5 6. exd5 exd5 7. O-O Be7 8.
d4 h6 9. dxc5 O-O 10. Be3 Bg4 11. h3 Bh5 12. g4 Bg6 13. Nd2 Re8 14. Nf4 Bh7
15. Nf3 Bf8 16. b4 a5 17. a3 Be4 18. Bd4 Nh7 19. Qb3 a4 20. Qd1 Qc7 21. Be3
Nf6 22. Nd4 Ne5 23. Nfe2 b6 24. cxb6 Qxb6 25. Ng3 Bxg2 26. Kxg2 Qc7 27.
Nde2 Ng6 28. Nf5 Ne4 29. Rc1 Qe5 30. Qd4 Qe6 31. Rfe1 Rac8 32. Nf4 Nxf4+
33. Bxf4 Rc4 34. Qd3 Qb6 35. Be3 Qb7 36. Bd4 Qa8 37. f3 Ng5 38. Rxe8 Qxe8
39. Ne3 Ne6 40. Be5 f6 41. Nxd5 Qb5 42. Bg3 Qc6 43. Ne3 Rd4 44. Qc2 Rd8 45.
Rd1 Re8 46. Nf5 h5 47. Nd4 Nxd4 48. Rxd4 Re3 49. Qa2+ Kh7 50. Qd5 Qxd5 51.
Rxd5 hxg4 52. hxg4 Kg6 53. Ra5 Rxc3 54. Rxa4 Rc2+ 55. Kf1 Ra2 56. Ra5 Kf7
57. b5 Bc5 58. a4 Ke6 59. Ra8 Kd5 60. a5 Rb2 61. Rd8+ Kc4 62. b6 g5 63. Rd7
Bxb6 64. axb6 Rxb6 65. Rd6 Rb2 66. Rxf6 Kd3 67. Re6 Ra2 68. Bf2 Ra5 69. Kg2
Ra8 70. Re5 Rg8 71. Be3 Rf8 72. Bxg5 1-0